[Event "Werner-Ott-Open Kreuzberger Sommer 2014"]
[Site "Berlin"]
[Date "2014.07.08"]
[Round "4.1"]
[White "Jahnz, Fabian"]
[Black "Stern, Rene"]
[Result "1/2-1/2"]
[WhiteElo "2270"]
[BlackElo "2527"]
[PlyCount "61"]
[EventDate "2014.??.??"]
[WhiteTeam "SK König Tegel 1949 e.V."]
[BlackTeam "SK König Tegel 1949 e.V."]

1. e4 d6 2. d4 Nf6 3. Nc3 e5 4. dxe5 dxe5 5. Qxd8+ Kxd8 6. Bg5 Be6 7. O-O-O+
Kc8 8. Nf3 Nbd7 9. Bh4 h6 10. Bg3 Bd6 11. Nd2 Nh5 12. Bc4 Re8 13. Bxe6 Rxe6 14.
Nc4 Be7 15. f3 Nxg3 16. hxg3 c6 17. a4 Kc7 18. Kb1 Bc5 19. f4 exf4 20. gxf4 Nb6
21. Ne5 f6 22. Nd3 Bf8 23. b3 a5 24. f5 Ree8 25. Nf4 Bd6 26. Ne6+ Rxe6 27. fxe6
Re8 28. Ne2 Rxe6 29. Nd4 Rxe4 30. Rhe1 Rxe1 31. Rxe1 1/2-1/2

[Event "Werner-Ott-Open Kreuzberger Sommer 2014"]
[Site "Berlin"]
[Date "2014.07.08"]
[Round "4.2"]
[White "Von Herman, Ulf"]
[Black "Lindborg, Petter"]
[Result "1-0"]
[WhiteElo "2379"]
[BlackElo "2222"]
[PlyCount "93"]
[EventDate "2014.??.??"]
[WhiteTeam "SK König Tegel 1949 e.V."]
[BlackTeam "Solna SS"]

1. d4 e6 2. c4 f5 3. Nc3 Nf6 4. f3 Bb4 5. Bd2 O-O 6. a3 Bd6 7. Nh3 c5 8. Nb5
Be7 9. dxc5 Bxc5 10. Bf4 Na6 11. b4 Be7 12. Qd4 Ne8 13. Rd1 Bf6 14. Be5 Bxe5
15. Qxe5 Qh4+ 16. Nf2 Qxc4 17. e4 Qc6 18. Be2 Nac7 19. Nc3 d6 20. Qd4 e5 21.
Qd2 Be6 22. b5 Qd7 23. a4 b6 24. Nd3 Qe7 25. O-O fxe4 26. fxe4 Rxf1+ 27. Bxf1
Bf7 28. Nb4 Ne6 29. Nc6 Qb7 30. Bc4 Nd4 31. Bxf7+ Qxf7 32. Nxd4 exd4 33. Qxd4
Rc8 34. Nd5 Rc5 35. Rf1 Qe6 36. Qf2 h6 37. Qf8+ Kh7 38. Qf5+ Qxf5 39. Rxf5 Rc4
40. Rf7 Rxe4 41. Rxa7 Re5 42. Nxb6 d5 43. Nd7 Re3 44. b6 Nd6 45. b7 Ne4 46.
Nf6+ gxf6 47. b8=Q+ 1-0

[Event "Werner-Ott-Open Kreuzberger Sommer 2014"]
[Site "Berlin"]
[Date "2014.07.08"]
[Round "4.4"]
[White "Baumert, Christian"]
[Black "Muse, Drazen"]
[Result "0-1"]
[WhiteElo "2137"]
[BlackElo "2407"]
[PlyCount "80"]
[EventDate "2014.??.??"]
[WhiteTeam "SG Lasker Steglitz-Wilmersdorf"]
[BlackTeam "SK König Tegel 1949 e.V."]

1. d4 Nf6 2. Nc3 c5 3. d5 e5 4. e4 d6 5. Be2 Be7 6. Nf3 O-O 7. Nd2 Nbd7 8. a4
Ne8 9. Nc4 Bg5 10. Ne3 g6 11. g3 f5 12. h4 Bxe3 13. Bxe3 f4 14. Bd2 f3 15. Bd3
Ndf6 16. Bg5 Bg4 17. Qd2 Qa5 18. b3 h5 19. Nd1 Qc7 20. Ne3 Rf7 21. Nc4 b6 22.
Ne3 Bd7 23. Nd1 Qc8 24. c4 Rb8 25. Nc3 a6 26. Qc2 Bh3 27. Bf1 Bg2 28. Rg1 Bxf1
29. Rxf1 Ng4 30. Qd3 Nc7 31. Bd2 Qe8 32. Nd1 Qd7 33. Bg5 Ne8 34. Ne3 Nxe3 35.
Qxe3 b5 36. axb5 axb5 37. Qc3 Qg4 38. Qc2 bxc4 39. bxc4 Rfb7 40. O-O-O Rb1+ 0-1

[Event "Werner-Ott-Open Kreuzberger Sommer 2014"]
[Site "Berlin"]
[Date "2014.07.08"]
[Round "4.5"]
[White "Hahlbohm, Matthias"]
[Black "Brüdigam, Martin"]
[Result "0-1"]
[WhiteElo "2102"]
[BlackElo "2328"]
[PlyCount "68"]
[EventDate "2014.??.??"]
[WhiteTeam "TSG Oberschöneweide e.V."]
[BlackTeam "SK König Tegel 1949 e.V."]

1. e4 c5 2. Nf3 e6 3. d4 cxd4 4. Nxd4 a6 5. Nf3 Nc6 6. Bd3 Nf6 7. O-O Qc7 8.
Nc3 d6 9. a4 Be7 10. h3 O-O 11. Be3 Rd8 12. Qe2 b6 13. Nh2 Bb7 14. f4 Na5 15.
Qf2 Nc4 16. Bxc4 Qxc4 17. Bxb6 Rf8 18. e5 dxe5 19. fxe5 Nd7 20. Bd4 Nxe5 21. b3
Qc7 22. Kh1 Ng6 23. Nd1 e5 24. Bb2 Bc5 25. Qg3 f5 26. Qc3 Rac8 27. Qc4+ Kh8 28.
Nf3 Qe7 29. Qe2 e4 30. Nd2 Qg5 31. Nc4 f4 32. Qg4 Qxg4 33. hxg4 e3 34. Re1 Nh4
0-1

[Event "Werner-Ott-Open Kreuzberger Sommer 2014"]
[Site "Berlin"]
[Date "2014.07.08"]
[Round "4.6"]
[White "Schulz, Hartmut"]
[Black "Schmidbauer, Martin"]
[Result "1/2-1/2"]
[WhiteElo "2067"]
[BlackElo "2242"]
[PlyCount "23"]
[EventDate "2014.??.??"]
[WhiteTeam "SC Rotation Pankow e.V."]
[BlackTeam "SK Tempelhof 1931 e.V."]

1. d4 Nf6 2. Nf3 g6 3. Bf4 Bg7 4. e3 O-O 5. Be2 d6 6. O-O Nfd7 7. c4 e5 8. Bg3
Nc6 9. Nc3 f5 10. Bh4 Nf6 11. dxe5 dxe5 12. Qxd8 {(=)} 1/2-1/2

[Event "Werner-Ott-Open Kreuzberger Sommer 2014"]
[Site "Berlin"]
[Date "2014.07.08"]
[Round "4.7"]
[White "Boetzer, Detlef"]
[Black "Schulz, Olaf"]
[Result "1-0"]
[WhiteElo "2228"]
[BlackElo "1987"]
[PlyCount "39"]
[EventDate "2014.??.??"]
[WhiteTeam "SC Rotation Pankow e.V."]
[BlackTeam "SC Rotation Pankow e.V."]

1. Nf3 d5 2. c4 d4 3. g3 c5 4. b4 cxb4 5. a3 d3 6. Bg2 Nc6 7. Bb2 Bf5 8. e3 e5
9. Nxe5 Nxe5 10. Bxe5 Qa5 11. Bd4 Rc8 12. axb4 Qxb4 13. Rxa7 Rxc4 14. Rxb7 Qd6
15. O-O Nf6 16. Qb3 Be6 17. Bxf6 gxf6 18. Qb5+ Kd8 19. Nc3 Rb4 20. Qa5+ 1-0

[Event "Werner-Ott-Open Kreuzberger Sommer 2014"]
[Site "Berlin"]
[Date "2014.07.08"]
[Round "4.8"]
[White "Nikolov, Rumen"]
[Black "Niehaus, Frank"]
[Result "1/2-1/2"]
[WhiteElo "2071"]
[BlackElo "2200"]
[PlyCount "111"]
[EventDate "2014.??.??"]
[WhiteTeam "Ivis Plus"]
[BlackTeam "SK König Tegel 1949 e.V."]

1. e4 c5 2. Nf3 d6 3. d4 cxd4 4. Nxd4 Nf6 5. Nc3 g6 6. g3 Nc6 7. Bg2 Nxd4 8.
Qxd4 Bg7 9. Qd2 O-O 10. O-O Qc7 11. Qe2 Bg4 12. f3 Be6 13. Rd1 a6 14. Nd5 Nxd5
15. exd5 Bf5 16. c3 Rfe8 17. Be3 Rac8 18. Qf2 b5 19. a3 Rb8 20. Rac1 Qb7 21. g4
Bd7 22. Ba7 Ra8 23. Bd4 Bf8 24. Qh4 Qxd5 25. f4 Qc4 26. Bxa8 Rxa8 27. h3 Bc6
28. Qf2 Re8 29. Re1 Bh6 30. g5 Bf8 31. Kh2 e5 32. fxe5 dxe5 33. Bxe5 Rxe5 34.
Rxe5 Bd6 35. Qg3 Qb3 36. Rce1 Qxb2+ 37. R1e2 Qxa3 38. Qe3 Qa1 39. Kg3 h6 40.
Kf2 Qh1 41. gxh6 Qh2+ 42. Ke1 Qxe5 43. Qxe5 Bxe5 44. Rxe5 Bd7 45. Kf2 Kh7 46.
Kg3 Be6 47. h4 Kxh6 48. Kf4 Bc4 49. Re8 a5 50. Ra8 a4 51. Kg4 Bd5 52. Rb8 Bc4
53. Ra8 Kh7 54. Kg5 Kg7 55. Ra7 Bf1 56. Rc7 1/2-1/2

[Event "Werner-Ott-Open Kreuzberger Sommer 2014"]
[Site "Berlin"]
[Date "2014.07.08"]
[Round "4.9"]
[White "Kather, Yannick"]
[Black "Horstmann, Olaf"]
[Result "1/2-1/2"]
[WhiteElo "2009"]
[BlackElo "2182"]
[PlyCount "48"]
[EventDate "2014.??.??"]
[WhiteTeam "SC Weisse Dame e.V."]
[BlackTeam "Vereinigung der Schachsportfreun"]

1. e4 e6 2. d4 d5 3. Nc3 Nc6 4. Nf3 Nf6 5. Bg5 Be7 6. e5 Ne4 7. Bxe7 Qxe7 8.
Nd2 Nxc3 9. bxc3 O-O 10. Bd3 f6 11. Nf3 fxe5 12. dxe5 Bd7 13. O-O Be8 14. Qe1
Bh5 15. Nd4 Nd8 16. c4 c5 17. Nb5 g5 18. Nd6 Nc6 19. Qe3 d4 20. Qg3 Rf4 21.
Rae1 Rg4 22. Qh3 Rh4 23. Qg3 Rg4 24. Qh3 Rh4 1/2-1/2

[Event "Werner-Ott-Open Kreuzberger Sommer 2014"]
[Site "Berlin"]
[Date "2014.07.08"]
[Round "4.10"]
[White "Gebigke, Martin"]
[Black "Kautz, Stefan"]
[Result "1-0"]
[WhiteElo "2152"]
[BlackElo "1941"]
[PlyCount "41"]
[EventDate "2014.??.??"]
[WhiteTeam "SC Kreuzberg e.V."]
[BlackTeam "SC Empor Maulwurf Bonn"]

1. e4 d5 2. exd5 Qxd5 3. Nc3 Qa5 4. d4 e6 5. Nf3 Nf6 6. Bd2 Qb6 7. a3 Be7 8.
Na4 Qc6 9. c4 Qe4+ 10. Be2 b6 11. Nc3 Qg4 12. O-O Bb7 13. h3 Qh5 14. Bf4 Na6
15. Qa4+ c6 16. Ne5 Qf5 17. Bg3 O-O 18. Nxc6 Rfe8 19. Bf3 Bf8 20. Rfe1 g5 21.
Re5 1-0

[Event "Werner-Ott-Open Kreuzberger Sommer 2014"]
[Site "Berlin"]
[Date "2014.07.08"]
[Round "4.11"]
[White "Kalinitschew, Sergey"]
[Black "Richter, Götz"]
[Result "1-0"]
[WhiteElo "2426"]
[BlackElo "2032"]
[PlyCount "49"]
[EventDate "2014.??.??"]
[WhiteTeam "SC Kreuzberg e.V."]
[BlackTeam "Klub Kölner Schachfreunde e.V. 1"]

1. c4 Nf6 2. g3 e5 3. Bg2 c6 4. d4 d6 5. Nc3 Be7 6. e4 O-O 7. Nf3 Qc7 8. O-O b6
9. b3 a6 10. Bb2 Rd8 11. Rc1 Bf8 12. h3 g6 13. Re1 Nbd7 14. a3 Qb8 15. b4 Ra7
16. Rc2 Bh6 17. Kh2 Nh5 18. c5 bxc5 19. bxc5 Rb7 20. Ba1 exd4 21. Nxd4 Ne5 22.
Na4 dxc5 23. Nxc5 Rb6 24. Rf1 Nd7 25. Na4 1-0

[Event "Werner-Ott-Open Kreuzberger Sommer 2014"]
[Site "Berlin"]
[Date "2014.07.08"]
[Round "4.13"]
[White "Ziese, Gerhard"]
[Black "Simon, Ralf-Axel"]
[Result "0-1"]
[WhiteElo "1993"]
[BlackElo "2230"]
[PlyCount "44"]
[EventDate "2014.??.??"]
[WhiteTeam "SG Turm Leipzig"]
[BlackTeam "TSG Neuruppin"]

1. d4 d5 2. c4 c6 3. Nf3 Nf6 4. Nc3 dxc4 5. a4 Bf5 6. Ne5 Nbd7 7. Nxc4 e6 8. e3
Bb4 9. Be2 a5 10. O-O O-O 11. Bf3 Qc7 12. e4 Bg6 13. Qe2 e5 14. dxe5 Nxe5 15.
Bf4 Nxf3+ 16. Qxf3 Qe7 17. e5 Nd7 18. Rfe1 Nc5 19. Re3 Nb3 20. Rd1 Bc2 21. Rf1
Qe6 22. Nb6 Ra6 0-1

[Event "Werner-Ott-Open Kreuzberger Sommer 2014"]
[Site "Berlin"]
[Date "2014.07.08"]
[Round "4.14"]
[White "Gaerths, Ronny"]
[Black "Schmidt, Jürgen"]
[Result "1-0"]
[WhiteElo "2204"]
[BlackElo "1996"]
[PlyCount "125"]
[EventDate "2014.??.??"]
[WhiteTeam "ohne Verein"]
[BlackTeam "SC Kreuzberg e.V."]

1. c4 e5 2. Nc3 Nc6 3. Nf3 Nf6 4. e3 d5 5. cxd5 Nxd5 6. Bb5 Nxc3 7. bxc3 Bd6 8.
d4 exd4 9. cxd4 O-O 10. h3 Bb4+ 11. Bd2 Qd6 12. O-O Bxd2 13. Nxd2 Ne7 14. Be2
Ng6 15. Qb3 a5 16. Rac1 a4 17. Qc3 c6 18. a3 Nh4 19. Nf3 Nxf3+ 20. Bxf3 Be6 21.
Qc5 Qd8 22. Rb1 Bb3 23. Bd1 Ra5 24. Qc3 Bxd1 25. Rfxd1 Ra7 26. Qc5 Qa8 27. Rb6
h6 28. Rdb1 Rc8 29. Qe7 Re8 30. Qb4 Rc8 31. Rxb7 Rxb7 32. Qxb7 Qxb7 33. Rxb7 c5
34. dxc5 Rxc5 35. Rb4 Ra5 36. g4 Kf8 37. Kg2 Ke7 38. Kg3 Ra6 39. h4 g6 40. Rb5
Kd6 41. Kf4 Rc6 42. Rb4 Ra6 43. Ke4 Ke6 44. Rd4 Ra5 45. Rb4 Re5+ 46. Kd3 Rd5+
47. Rd4 Ra5 48. Rb4 Ra6 49. g5 hxg5 50. hxg5 Ra5 51. f4 Ra6 52. Ke4 f6 53. gxf6
Kxf6 54. Rb5 Kf7 55. Kf3 Kf6 56. Rc5 Kf7 57. Rc4 Kf6 58. Kg4 Kg7 59. e4 Kh6 60.
Rb4 Ra7 61. Rb6 Kg7 62. Kg5 Ra5+ 63. e5 1-0

[Event "Werner-Ott-Open Kreuzberger Sommer 2014"]
[Site "Berlin"]
[Date "2014.07.08"]
[Round "4.15"]
[White "Major, Vitalij"]
[Black "Hörmann, David"]
[Result "1-0"]
[WhiteElo "2197"]
[BlackElo "1985"]
[PlyCount "91"]
[EventDate "2014.??.??"]
[WhiteTeam "SC Kreuzberg e.V."]
[BlackTeam "SC Weisse Dame e.V."]

1. d4 d5 2. Nf3 Nf6 3. c4 e6 4. Nc3 Be7 5. e3 O-O 6. cxd5 exd5 7. Qc2 Nbd7 8.
Bd3 c5 9. b3 b6 10. Bb2 Bb7 11. O-O Rc8 12. dxc5 Nxc5 13. Bf5 Ra8 14. Rfd1 g6
15. Bh3 Nce4 16. Rac1 Bc5 17. Nxe4 Nxe4 18. Qd3 Qe7 19. Nd4 Rfe8 20. Re1 Rad8
21. g3 h5 22. Qe2 Ng5 23. Bg2 Qd7 24. Ba1 Ba3 25. Rc2 Rc8 26. h4 Ne4 27. Kh2
Rxc2 28. Nxc2 Bd6 29. Nd4 Qe7 30. Nf3 Ba3 31. Kg1 Qc5 32. Ne5 Rc8 33. Bxe4 dxe4
34. Nd7 Qe7 35. Nf6+ Kf8 36. Nh7+ Kg8 37. Nf6+ Kf8 38. Rd1 Rd8 39. Kg2 Bd6 40.
Nh7+ Kg8 41. Bf6 Qe6 42. Bxd8 Kxh7 43. Qd2 Bc8 44. Qxd6 Qh3+ 45. Kg1 Bg4 46.
Qf8 1-0

[Event "Werner-Ott-Open Kreuzberger Sommer 2014"]
[Site "Berlin"]
[Date "2014.07.08"]
[Round "4.16"]
[White "Johansson, Thomas"]
[Black "Brüning, Wolfgang"]
[Result "1-0"]
[WhiteElo "2193"]
[BlackElo "1912"]
[PlyCount "59"]
[EventDate "2014.??.??"]
[WhiteTeam "Uppsala ASS"]
[BlackTeam "Queer-Springer SSV Berlin"]

1. Nf3 d5 2. d4 e6 3. c4 c6 4. Nc3 f5 5. Bf4 Nf6 6. e3 Bb4 7. Bd3 Ne4 8. Qc2
O-O 9. O-O Nxc3 10. bxc3 Bd6 11. Bxd6 Qxd6 12. cxd5 exd5 13. c4 dxc4 14. Bxc4+
Be6 15. Rab1 b6 16. Rfc1 Bd5 17. Bxd5+ Qxd5 18. Rb3 Rf6 19. Rc3 a5 20. a3 Ra7
21. Ne5 Rc7 22. Qb3 Qxb3 23. Rxb3 Rb7 24. h4 Kf8 25. Rcb1 b5 26. d5 a4 27. Rb4
cxd5 28. Rxb5 Rxb5 29. Rxb5 Nc6 30. Nd7+ 1-0

[Event "Werner-Ott-Open Kreuzberger Sommer 2014"]
[Site "Berlin"]
[Date "2014.07.08"]
[Round "4.17"]
[White "Heerde, Thomas"]
[Black "Kaiser, Elmar"]
[Result "1/2-1/2"]
[WhiteElo "2005"]
[BlackElo "2163"]
[PlyCount "114"]
[EventDate "2014.??.??"]
[WhiteTeam "SC Weisse Dame e.V."]
[BlackTeam "SK Tauberbischofsheim"]

1. e4 e5 2. Nf3 Nc6 3. Bc4 Bc5 4. b4 Bxb4 5. c3 Ba5 6. d4 d6 7. Qb3 Nxd4 8.
Nxd4 exd4 9. Bxf7+ Kf8 10. O-O Qf6 11. Bc4 Ne7 12. f4 Bb6 13. e5 Qf5 14. Ba3
d3+ 15. Kh1 Bd7 16. Nd2 Bc6 17. exd6 cxd6 18. Rae1 Rd8 19. Nf3 d2 20. Nxd2 Qg4
21. Nf3 Nf5 22. Be6 g6 23. c4 Qh5 24. Ne5 Nd4 25. Nxc6 Nxb3 26. Nxd8 Bxd8 27.
Bxd6+ Kg7 28. g4 Qh4 29. g5 Re8 30. axb3 h6 31. Be5+ Kh7 32. Bd5 Ba5 33. Rd1
hxg5 34. Bxb7 Re7 35. Bg2 g4 36. Rd3 Qh5 37. c5 Qf5 38. Rg3 Bc7 39. Bxc7 Rxc7
40. c6 Qc2 41. Rxg4 Rxc6 42. Bxc6 Qxc6+ 43. Rg2 Qe4 44. Ra1 a5 45. h3 Kh6 46.
Ra4 Qb1+ 47. Kh2 Qxb3 48. Rxa5 Qb4 49. Rag5 Qxf4+ 50. R5g3 g5 51. Ra2 Qc4 52.
Rf2 Qd4 53. Rgf3 Kg6 54. Kg2 Qd5 55. Kh2 Qe5+ 56. Kg2 Qd5 57. Kh2 Qe5+ 1/2-1/2

[Event "Werner-Ott-Open Kreuzberger Sommer 2014"]
[Site "Berlin"]
[Date "2014.07.08"]
[Round "4.18"]
[White "Moos, Gerd A. Ferdinand"]
[Black "Shapiro, Yosip"]
[Result "1/2-1/2"]
[WhiteElo "1956"]
[BlackElo "2104"]
[PlyCount "108"]
[EventDate "2014.??.??"]
[WhiteTeam "Vereinigung der Schachsportfreun"]
[BlackTeam "SV Berolina Mitte e.V."]

1. d4 Nf6 2. c4 g6 3. Nc3 Bg7 4. e4 d6 5. Nf3 O-O 6. Be2 c5 7. d5 Na6 8. h3 Nc7
9. O-O a6 10. a4 Rb8 11. a5 e5 12. dxe6 fxe6 13. Bg5 e5 14. Nh2 Ne6 15. Bxf6
Bxf6 16. Bg4 Nd4 17. Bxc8 Rxc8 18. Ng4 Bg7 19. Nd5 h5 20. Nge3 Qh4 21. Qd3 Rf7
22. Nc2 Kh7 23. Ra3 Rcf8 24. Nxd4 cxd4 25. Qe2 Bh6 26. Rb3 Bg5 27. f3 Bd8 28.
Ra3 g5 29. Qe1 g4 30. Qxh4 Bxh4 31. hxg4 hxg4 32. Rb3 Bd8 33. Ra3 Kg6 34. Kf2
Bh4+ 35. Ke2 Bd8 36. Rh1 Bg5 37. Rb3 Rc8 38. Rb4 Bd8 39. Ra4 Rc5 40. Rh8 gxf3+
41. gxf3 Rxa5 42. Rxa5 Bxa5 43. b4 Bc7 44. Rg8+ Kh5 45. Rc8 a5 46. Rxc7 Rxc7
47. Nxc7 a4 48. Nb5 Kh4 49. Na3 b6 50. Nb1 Kg3 51. Na3 Kg2 52. Nb5 Kg3 53. Na3
Kg2 54. Nc2 Kg3 1/2-1/2

[Event "Werner-Ott-Open Kreuzberger Sommer 2014"]
[Site "Berlin"]
[Date "2014.07.08"]
[Round "4.19"]
[White "Oppermann, Peter"]
[Black "Burger, Heinrich"]
[Result "0-1"]
[WhiteElo "1951"]
[BlackElo "2101"]
[PlyCount "36"]
[EventDate "2014.??.??"]
[WhiteTeam "SK Tempelhof 1931 e.V."]
[BlackTeam "VfB Hermsdorf e.V."]

1. d4 Nf6 2. Nf3 d5 3. e3 g6 4. Bd3 Bg7 5. O-O O-O 6. b3 Nbd7 7. Nbd2 c5 8. Bb2
b6 9. Re1 Bb7 10. c4 e6 11. Qc2 Rc8 12. Rac1 cxd4 13. exd4 dxc4 14. bxc4 Qc7
15. Qd1 Rfd8 16. Bf1 Bh6 17. Qb3 Ng4 18. Rcd1 Bxd2 0-1

[Event "Werner-Ott-Open Kreuzberger Sommer 2014"]
[Site "Berlin"]
[Date "2014.07.08"]
[Round "4.20"]
[White "Bub, Volker"]
[Black "Matitschka, Heinz"]
[Result "1-0"]
[WhiteElo "2094"]
[BlackElo "1886"]
[PlyCount "52"]
[EventDate "2014.??.??"]
[WhiteTeam "SC Tornado 86 Hochneukirch"]
[BlackTeam "TSG Oberschöneweide e.V."]

1. g3 d5 2. Nf3 Nf6 3. Bg2 c6 4. O-O Bg4 5. d3 Nbd7 6. Nbd2 e5 7. e4 Bc5 8. Qe1
dxe4 9. dxe4 O-O 10. h3 Be6 11. Ng5 Qe7 12. Nxe6 Qxe6 13. Kh2 Nh5 14. Qe2 Qg6
15. Nf3 Be7 16. Bd2 Rfe8 17. Bc3 Bf6 18. Nd2 Rad8 19. Bf3 Nf4 20. gxf4 exf4 21.
Rg1 Qh6 22. Bxf6 Nxf6 23. Rad1 Nd5 24. Qc4 Qh4 25. exd5 Qxf2+ 26. Rg2 Qe3 1-0

[Event "Werner-Ott-Open Kreuzberger Sommer 2014"]
[Site "Berlin"]
[Date "2014.07.08"]
[Round "4.21"]
[White "Bergmann, Jens"]
[Black "Krefenstein, Sergej"]
[Result "1/2-1/2"]
[WhiteElo "1908"]
[BlackElo "2088"]
[PlyCount "25"]
[EventDate "2014.??.??"]
[WhiteTeam "SK Tempelhof 1931 e.V."]
[BlackTeam "TuS Makkabi Berlin e.V."]

1. e4 e5 2. Nf3 Nc6 3. Bc4 Bc5 4. O-O Nf6 5. d4 Nxd4 6. Nxe5 O-O 7. Be3 d5 8.
exd5 b5 9. Bxd4 Bxd4 10. Qxd4 bxc4 11. Nc6 Qd6 12. Nd2 Kh8 13. Nxc4 {(=)}
1/2-1/2

[Event "Werner-Ott-Open Kreuzberger Sommer 2014"]
[Site "Berlin"]
[Date "2014.07.08"]
[Round "4.23"]
[White "Wierzbicki, Jirawat"]
[Black "Sechting, Martin"]
[Result "1/2-1/2"]
[WhiteElo "1804"]
[BlackElo "2054"]
[PlyCount "130"]
[EventDate "2014.??.??"]
[WhiteTeam "SK König Tegel 1949 e.V."]
[BlackTeam "SC Weisse Dame e.V."]

1. e4 Nf6 2. Nc3 e5 3. Nf3 Nc6 4. d4 exd4 5. Nxd4 Bb4 6. Nxc6 bxc6 7. Bd3 d5 8.
exd5 cxd5 9. O-O O-O 10. h3 c6 11. Qf3 Rb8 12. Bg5 Be7 13. b3 h6 14. Bh4 Rb4
15. Bg3 Be6 16. Rfe1 Nd7 17. Ne2 Bf6 18. c3 Rb6 19. Bc2 Re8 20. Nd4 c5 21. Nf5
Nf8 22. Rad1 Bxf5 23. Rxe8 Qxe8 24. Qxf5 Bxc3 25. Qxd5 Bd4 26. Bd3 Re6 27. Bc4
Re1+ 28. Rxe1 Qxe1+ 29. Kh2 Ne6 30. Qf5 g6 31. Qf3 Kg7 32. Qb7 a5 33. Qd7 h5
34. Bxe6 Qxe6 35. Qxe6 fxe6 36. Bh4 Bf6 37. Bg3 Bd4 38. Bh4 Kf7 39. f3 e5 40.
Be1 a4 41. g4 axb3 42. axb3 hxg4 43. hxg4 Be3 44. Kg2 Ke6 45. Kf1 Kd5 46. Bc3
Bd4 47. Bd2 e4 48. Ke2 {(=)} Ke5 49. f4+ Kd5 50. Be3 Bc3 51. Kd1 Ba5 52. Kc2
Bc7 53. Kc3 Bd8 54. Kd2 Bf6 55. Ke2 c4 56. bxc4+ Kxc4 57. Kd2 Bg7 58. Bb6 Kd5
59. Ke3 Bb2 60. Kd2 Ba3 61. Be3 Bb4+ 62. Ke2 Bd6 63. Kd2 Kc4 64. Ke2 Kc3 65.
Bd2+ Kc4 {(=)} 1/2-1/2

[Event "Werner-Ott-Open Kreuzberger Sommer 2014"]
[Site "Berlin"]
[Date "2014.07.08"]
[Round "4.24"]
[White "Kievelitz, Bernd"]
[Black "Sidabras, Jonas"]
[Result "1/2-1/2"]
[WhiteElo "2046"]
[BlackElo "1707"]
[PlyCount "54"]
[EventDate "2014.??.??"]
[WhiteTeam "SC Zitadelle Spandau 1977 e.V."]
[BlackTeam "SC Kreuzberg e.V."]

1. Nf3 d5 2. d4 Nf6 3. c4 e6 4. Nc3 Bb4 5. e3 Nc6 6. Bd3 O-O 7. O-O a6 8. Qc2
dxc4 9. Bxc4 Bd6 10. Rd1 Qe8 11. e4 e5 12. d5 Nd4 13. Qd2 Bg4 14. Be2 Nxf3+ 15.
Bxf3 Bxf3 16. gxf3 Nh5 17. Qg5 Nf4 18. Bxf4 exf4 19. Ne2 h6 20. Qg2 Be5 21. Nd4
Bxd4 22. Rxd4 f5 23. Rad1 Rf6 24. Qh3 Qe5 25. exf5 Qxf5 26. Qxf5 Rxf5 27. Re1
Rd8 1/2-1/2

[Event "Werner-Ott-Open Kreuzberger Sommer 2014"]
[Site "Berlin"]
[Date "2014.07.08"]
[Round "4.26"]
[White "Fuchs, Jörg"]
[Black "Meister, Jakob"]
[Result "0-1"]
[WhiteElo "1846"]
[BlackElo "2478"]
[PlyCount "42"]
[EventDate "2014.??.??"]
[WhiteTeam "SC Kreuzberg e.V."]
[BlackTeam "SK Zehlendorf e.V."]

1. e4 c5 2. Nc3 g6 3. f4 Bg7 4. Nf3 Nc6 5. Bb5 Nd4 6. O-O a6 7. Be2 b5 8. d3 d6
9. Nd5 e6 10. Ne3 Ne7 11. c3 Nxe2+ 12. Qxe2 O-O 13. Qf2 f5 14. e5 dxe5 15. Nxe5
Bb7 16. Rd1 Qc7 17. d4 Rfd8 18. Bd2 cxd4 19. cxd4 Rxd4 20. N3g4 Rdd8 21. Rac1
Qd6 0-1